000 00819 a2200205 4500
001 37779
005 20260407155644.0
008 260407a1974 arg spa d
003 AR-UNSa-BCEJYS
040 _aAR-UNSa-BCEJYS
_bspa
_cAR-UNSa-BCEJYS
080 _a(038)657
_xDiccionario de Contabilidad
245 1 0 _aDiccionario para contadores
264 1 _aMéxico :
_bUnión Tipográfica Editorial Hispano-Americana (UTEHA)
_c1974
300 _axvii, 717 p.
_c26 cm.
505 _a1. Diccionario para contadores - 2. Lista alfabética de términos español-inglés - 3. Lista alfabética de términos inglés-español - 4. Lista alfabética inglés-español de instituciones, organismos y términos técnicos
041 _aspa
942 _cBK
590 _aniveau_biblio:m niveau_hierar:0
100 1 _aKohler, Eric L.
999 _c2791
_d2791